A GUIDE TO MENTAL HEALTH AND PSYCHIATRIC NURSING (Record no. 24921)

MARC details
000 -LEADER
fixed length control field 00444nam a22001697a 4500
003 - CONTROL NUMBER IDENTIFIER
control field SGT
020 ## - INTERNATIONAL STANDARD BOOK NUMBER
International Standard Book Number 9789352500475
082 ## - DEWEY DECIMAL CLASSIFICATION NUMBER
Classification number 610.7368
Item number G23S
100 ## - MAIN ENTRY--PERSONAL NAME
Personal name SREEVANI, R.
245 ## - TITLE STATEMENT
Title A GUIDE TO MENTAL HEALTH AND PSYCHIATRIC NURSING
250 ## - EDITION STATEMENT
Edition statement 4TH
260 ## - PUBLICATION, DISTRIBUTION, ETC. (IMPRINT)
Place of publication, distribution, etc INDIA
Name of publisher, distributor, etc JAYPEE PUB
Year of Publication 2023
300 ## - PAGE DESCRIPTION
No. of Pages 491
650 ## - SUBJECT ADDED ENTRY--TOPICAL TERM
Topical term or geographic name as entry element MENTAL HEALTH NURSING
653 ## - KEYWORDS--INDEX TERM
Keyword term A GUIDE TO MENTAL HEALTH AND PSYCHIATRIC NURSING
942 ## - ADDED ENTRY ELEMENTS (KOHA)
Source of classification or shelving scheme Dewey Decimal Classification
Koha item type Books
942 ## - ADDED ENTRY ELEMENTS (KOHA)
-- 142
Holdings
Withdrawn status Lost status Source of classification or shelving scheme Damaged status Not for loan Collection code Home library Current library Shelving location Date acquired Vendor Name Cost, normal purchase price SGTU Bill Number Total Checkouts Full call number Accession No. (Barcode) Date last seen Date last borrowed Bill Date Koha item type Checked out Total Renewals
    Dewey Decimal Classification     NURSING SGT Medical Library SGT Medical Library Reference Book 02/09/2023 ABC DELHI 750.00 SGTU 16927 12 610.7368 G23S FN5151 05/06/2026 23/05/2026 20/06/2023 Books    
    Dewey Decimal Classification     NURSING SGT Medical Library SGT Medical Library Text Book 02/09/2023 ABC DELHI 750.00 SGTU 16927 59 610.7368 G23S FN5152 30/05/2026 30/05/2026 20/06/2023 Books 13/06/2026  
    Dewey Decimal Classification     NURSING SGT Medical Library SGT Medical Library Text Book 02/09/2023 ABC DELHI 750.00 SGTU 16927 55 610.7368 G23S FN5153 22/05/2026 22/05/2026 20/06/2023 Books 05/06/2026  
    Dewey Decimal Classification     NURSING SGT Medical Library SGT Medical Library Text Book 02/09/2023 ABC DELHI 750.00 SGTU 16927 67 610.7368 G23S FN5154 15/05/2026 15/05/2026 20/06/2023 Books 29/05/2026 1
    Dewey Decimal Classification     NURSING SGT Medical Library SGT Medical Library Text Book 02/09/2023 ABC DELHI 750.00 SGTU 16927 63 610.7368 G23S FN5155 03/06/2026 03/06/2026 20/06/2023 Books 17/06/2026 3